000 00512nam a2200157Ia 4500
008 100122s9999 xx 000 0 und d
082 _b58656
_aBM823.08
100 _aनागपूरकर सुनीता
245 _aअलौकिक गुरु शिष्य
250 _a0
260 _bमोरया प्रकाशन
_c2000
300 _a55
630 _aअलौकिक गुरु शिष्य
730 _aअलौकिक गुरु शिष्य
942 _cBOOK
999 _c434494
_d434491